Univerzitná knižnica

Salvato in:
Dettagli Bibliografici
Autore principale: Orolín, Matej, 1985- (Autore)
Altri autori: Hraška, Jozef, 1953- (Relatore della tesi)
Natura: Manoscritto Libro
Lingua:slovacco
Pubblicazione: Bratislava : STU v Bratislave SvF, 2014
Soggetti:
Accesso online:VAIS
Tags: Aggiungi Tag
Nessun Tag, puoi essere il primo ad aggiungerne!!

MARC

LEADER 00000ntm a22000003a 4500
001 stu297163
005 20150617230312.1
008 140919s2014----xo------------------slo-d
040 |a STU  |b slo 
041 0 |a slo 
044 |a xo 
100 1 |a Orolín, Matej,  |d 1985-  |4 aut  |u V180  |U SvF Stavebná fakulta  |T SvF Katedra konštrukcií pozemných stavieb  |X 28376  |U V180  |Y 18  |7 A000028376 
242 0 0 |a Library  |y eng 
245 1 |a Univerzitná knižnica 
260 |a Bratislava :  |b STU v Bratislave SvF,  |c 2014 
650 7 |a architektonické konštrukcie a projektovanie  |2 stusub 
650 7 |a Architectural Constructions and Design  |2 estusub 
650 7 |a bridge  |2 estusub 
650 7 |a reinforced concrete  |2 estusub 
650 7 |a library  |2 estusub 
650 7 |a knižnica  |2 stusub 
650 7 |a premostenie  |2 stusub 
650 7 |a železobetón  |2 stusub 
700 1 |a Hraška, Jozef,  |d 1953-  |4 ths  |u V180  |U SvF Stavebná fakulta  |T SvF Katedra konštrukcií pozemných stavieb  |X 899  |U V180  |Y 18  |7 A000000899 
856 4 |a info a plný text  |u http://is.stuba.sk/zp/portal_zp.pl?podrobnosti=104087  |3 VAIS